Transport simulation : beyond traditional approaches
Αποθηκεύτηκε σε:
| Άλλοι συγγραφείς: | , , |
|---|---|
| Μορφή: | Βιβλίο |
| Γλώσσα: | English |
| Δημοσίευση: |
Boca Raton :
CRC Press,
c2009
|
| Σειρά: | Engineering sciences
|
| Θέματα: | |
| Ετικέτες: |
Προσθήκη ετικέτας
Δεν υπάρχουν, Καταχωρήστε ετικέτα πρώτοι!
|
MARC
| LEADER | 00000nam a2200000 i 4500 | ||
|---|---|---|---|
| 001 | 1/35575 | ||
| 008 | 130827s2009 eng d | ||
| 020 | |a 978-1-4200-9509-8 (hbk.) | ||
| 035 | |l 10115481 | ||
| 040 | |a GR-MY-UA |b gre |e aacr | ||
| 041 | 0 | |a eng | |
| 082 | 0 | |a 388.015118 |2 (22) | |
| 245 | 1 | 0 | |a Transport simulation : |b beyond traditional approaches / |c edited by Edward Chung and Andre-Gilles Dumont |
| 260 | |a Boca Raton : |b CRC Press, |c c2009 | ||
| 300 | |a xxiii, 213 σ.; |b διαγρ., πίν.; |c 25 εκ. | ||
| 490 | 1 | |a Engineering sciences | |
| 504 | |a Περιέχειβιβλιογραφικές παραπομπές | ||
| 650 | 0 | 0 | |a Transportation |x Simulation methods. |
| 650 | 0 | 0 | |a Transportation |x Mathematical models. |
| 700 | 1 | |a Meersman, Hilde. |4 edt | |
| 700 | 1 | |a Van De Voorde, Eddy. |4 edt | |
| 700 | 1 | |a Vanelslander, Thierry. |4 edt | |
| 830 | 0 | |a Engineering sciences | |
| 852 | |a INST |b CHIOS |e 20130827 |h 388.015118 TRA |p 005200034800 |q 005200034800 |t BK |y 0 | ||
| 901 | |a BIBL2-2013-2 | ||
| 909 | |a Χ |b 181631 | ||
| 922 | |a 2ΕΛΗ |b 201307 |c ΤΑΚ/ΤΝΕΥ |d ΔΡΕΣ | ||
| 970 | |a ΣΠΕΝΤΖΑ |b ΕΛΕΝΗ |z 2013/08/27 | ||